| 000 | 00407nam a2200181Ia 4500 | ||
|---|---|---|---|
| 001 | 11039 | ||
| 003 | OSt | ||
| 005 | 20250922113004.0 | ||
| 008 | 211022s9999 xx 000 0 und d | ||
| 040 | _cIVS | ||
| 082 |
_a759.74 ELL _b11039 |
||
| 100 | _aEllis, Andrew | ||
| 245 | 0 | _aOil paintings in public ownership in Norfolk | |
| 260 | _aLondon | ||
| 260 | _c2006 | ||
| 300 | _a334 | ||
| 942 |
_cBK _2ddc _n0 |
||
| 999 |
_c12604 _d12604 |
||